000 00912nam a2200289 a 4500
008
020 _a9780128212240 (hardback)
040 _aNUST
_cNUST
049 _aMAIN
090 _aTJ193
_bRAD
100 1 _aRadzevich, Stephen P.,
_aauthor.
245 1 0 _aHigh-conformal gearing :
_bkinematics and geometry/
_c Stephen P Radzevich.
250 _aSecond edition.
260 _aAmsterdam, Netherlands :
_bElsevier,
_c2020.
300 _axxxiii, 503 pages :
_billustrations ;
_c24 cm.
336 _atext
_btxt
_2rdacontent
337 _aunmediated
_bn
_2rdamedia
338 _avolume
_bnc
_2rdacarrier
500 _aIncludes index.
504 _aIncludes bibliographical references.
650 1 _aGearing, conical.
650 _aConvex geometry.
907 _a.b10414927
_b02-03-22
_c02-03-22
003
005 20230123141232.0
942 _cBOOKS
_kTJ193
_mRAD
999 _c170016
_d170016